| 000 | 00620nam a2200193 u 4500 | ||
|---|---|---|---|
| 005 | 20210223131428.0 | ||
| 008 | 101208s2008 es r 000 0 spa d | ||
| 020 | _a9788478276387 | ||
| 035 | _aUPN01000178916 | ||
| 049 | _aCG | ||
| 050 | 4 |
_aLB1775 _bS2.7 |
|
| 100 | 1 | _aSánchez Enciso, Juan | |
| 245 | 1 | 3 |
_aLa sonrisa de Platón : _brelatos y retratos de la vida escolar / _cJuan Sánchez-Enciso. |
| 260 |
_aBarcelona, Esp. : _bGraó, _c2008. |
||
| 300 | _a100 p. | ||
| 440 | 0 |
_aMicro-macro referencias. _v17. _pComunidad educativa |
|
| 650 | 4 |
_aMAESTROS - _vANECDOTAS, CHISTES, SATIRAS, ETC. _918647 |
|
| 905 | _aLibro | ||
| 999 |
_c151019 _d151019 |
||